Scritti giuridici
Guardat en:
| Autor principal: | |
|---|---|
| Format: | Llibre |
| Idioma: | italià |
| Publicat: |
Milán
Dott. A. Giuffrè
1948
|
| Matèries: | |
| Etiquetes: |
Afegir etiqueta
Sense etiquetes, Sigues el primer a etiquetar aquest registre!
|
MARC
| LEADER | 00000nam a2200000 a 4500 | ||
|---|---|---|---|
| 001 | UCR2811 | ||
| 003 | CL-VaPUC | ||
| 008 | 980116e19480000IT |||||||||||||||||ita|d | ||
| 082 | 0 | 4 | |a 340.54 |b PER |2 21 |
| 100 | 0 | |a Perozzi, Silvio |e author |9 401212 | |
| 245 | 1 | 0 | |a Scritti giuridici |
| 300 | |a 3 v | ||
| 942 | |c BK | ||
| 945 | |d 19980116 00:00:00 |a aolguin | ||
| 260 | |a Milán |b Dott. A. Giuffrè |c 1948 | ||
| 500 | |a v.1: Propietà e posseso | ||
| 500 | |a v.2: Servitù e obbligazioni | ||
| 500 | |a v.3: Famiglia, successione, procedura e scritti vari | ||
| 650 | 0 | |a Derecho romano |9 255930 | |
| 650 | 0 | |a Contratos |9 255153 | |
| 650 | 7 | |a TRADICION |2 CL-VaPUC |9 375988 | |
| 650 | 0 | |a Relación jurídica |9 381220 | |
| 650 | 0 | |a Derecho justiniano |9 397596 | |
| 650 | 7 | |a SERVIDUMBRES |2 CL-VaPUC |9 256762 | |
| 650 | 0 | |a Propiedad |9 255268 | |
| 650 | 0 | |a Posesión |9 258681 | |
| 650 | 7 | |a PREDIOS |2 CL-VaPUC |9 401213 | |
| 650 | 0 | |a Usufructo |9 256763 | |
| 650 | 0 | |a Adquisición de derechos |9 400691 | |
| 650 | 0 | |a Obligaciones contractuales |9 386117 | |
| 650 | 7 | |a CONTRATO CONSENSUAL |2 CL-VaPUC |9 401172 | |
| 650 | 0 | |a Donación |9 255016 | |
| 650 | 0 | |a Parentesco |9 329859 | |
| 650 | 7 | |a TUTORIA |2 CL-VaPUC |9 335054 | |
| 650 | 7 | |a PERSONA |2 CL-VaPUC |9 327934 | |
| 650 | 0 | |a Familias |9 255641 | |
| 650 | 0 | |a Procedimiento civil |9 254870 | |
| 650 | 0 | |a Familias |9 255641 | |
| 650 | 7 | |a SUCESION |2 CL-VaPUC |9 375829 | |
| 583 | |a last modification |c 19980116 00:00:00 |k Rodrigo Vera | ||
| 999 | |c 265936 |d 265934 | ||
| 952 | |0 0 |1 0 |4 0 |6 340_540000000000000_PER_1948 |7 0 |8 DER_ROM |9 297094 |a BIBDER |b BIBDER |d 2019-11-20 |h v.1 |i 193435K |o 340.54 PER 1948 |p 193435K |r 2023-01-25 |w 2019-11-20 |x Ubicación 4to piso |y BK |z Este recurso debe solicitarse con anticipación |k DER | ||
| 952 | |0 0 |1 0 |4 0 |6 340_540000000000000_PER_1948 |7 0 |8 DER_ROM |9 297095 |a BIBDER |b BIBDER |d 2019-11-20 |h v.2 |i 1934309 |o 340.54 PER 1948 |p 1934309 |r 2023-01-25 |w 2019-11-20 |x Ubicación 4to piso |y BK |z Este recurso debe solicitarse con anticipación |k DER | ||
| 952 | |0 0 |1 0 |4 0 |6 340_540000000000000_PER_1948 |7 0 |8 DER_ROM |9 297096 |a BIBDER |b BIBDER |d 2019-11-20 |h v.3 |i 1934252 |o 340.54 PER 1948 |p 1934252 |r 2023-01-25 |w 2019-11-20 |x Ubicación 4to piso |y BK |z Este recurso debe solicitarse con anticipación |k DER | ||